000 01032cab a2200361 4500
001 ABS50264
008 090401t1994 xxu||||| |||| 00| 0 eng d
035 _a(Sirsi) u74946
041 _aeng
245 _aCentrefolio: North East
260 _c1994
350 _a0
490 _aProperty Week
_v46(12) 24 March 1994, 41-63(13)
650 _aCOAL INDUSTRY
650 _aDARLINGTON
650 _aGATESHEAD
650 _aINDUSTRIAL MARKET
650 _aMIDDLESBROUGH
650 _aNEWCASTLE UPON TYNE
650 _aNORTH-EAST ENGLAND
650 _aPROPERTY-COMMERCIAL PROPERTY-OFFICE PROPERTY-OFFICE PROPERTY MARKET
650 _aPROPERTY-COMMERCIAL PROPERTY-RETAIL PROPERTY-RETAIL PROPERTY MARKET
650 _aSTOCKTON
650 _aSUNDERLAND
650 _aTEAM VALLEY
650 _aTEESSIDE
650 _aTYNE & WEAR DEVELOPMENT CORPORATION
650 _aTYNESIDE
650 _aWEARSIDE
690 _aPROPERTY-COMMERCIAL PROPERTY-COMMERCIAL PROPERTY MARKET
942 _n0
948 _c04/03/1997
999 _c47217
_d47217